Derecho de niñas, niños y adolescentes al cuidado del propio cuerpo en el Código Civil y Comercial (Registro nro. 31618)

Detalles MARC
000 -LEADER
fixed length control field 00388 a2200109 4500
001 - CONTROL NUMBER
control field ART_37741
005 - DATE AND TIME OF LATEST TRANSACTION
control field 20260410162005.0
008 - FIXED-LENGTH DATA ELEMENTS--GENERAL INFORMATION
fixed length control field 260409a
100 1# - MAIN ENTRY--PERSONAL NAME
Personal name Famá, María V.
245 10 - TITLE STATEMENT
Title Derecho de niñas, niños y adolescentes al cuidado del propio cuerpo en el Código Civil y Comercial
773 0# - HOST ITEM ENTRY
Title Temas de derecho civil
Related parts - Año 2, Nº 3 (mar. 2016)
Record control number REV34778

No hay ítems disponibles.